[Event "SVK-chT2A 1415"]
[Site "Slovakia"]
[Date "2015.02.15"]
[Round "9.4"]
[White "Kalmar, Tamas"]
[Black "Antol, Ladislav"]
[Result "1/2-1/2"]
[WhiteElo "1966"]
[BlackElo "2045"]
[PlyCount "44"]
[EventDate "2014.10.11"]
[EventType "team-tourn"]
[EventRounds "11"]
[EventCountry "SVK"]
[SourceTitle "EXT 2016"]
[Source "ChessBase"]
[SourceDate "2015.10.08"]
[SourceVersion "1"]
[SourceVersionDate "2015.10.08"]
[SourceQuality "1"]
[WhiteTeam "Potonska Veza"]
[BlackTeam "Modra II"]
[WhiteTeamCountry "SVK"]
[BlackTeamCountry "SVK"]

1. d4 Nf6 2. c4 e5 3. dxe5 Ng4 4. Nf3 Bc5 5. e3 Nc6 6. Be2 Ngxe5 7. Nxe5 Nxe5 8. 0-0 0-0 9. Nc3 d6 10. Na4 Be6 11. b3 a6 12. Nxc5 dxc5 13. Qxd8 Raxd8 14. Bb2 Nd3 15. Bc3 b5 16. cxb5 axb5 17. Ba5 c4 18. Bxc7 Rd7 19. Bxd3 Rxd3 20. bxc4 Bxc4 21. Rfc1 Ra8 22. Bb6 Rda3 1/2-1/2

[Event "SVK-chT2A 1415"]
[Site "Slovakia"]
[Date "2014.11.09"]
[Round "4.3"]
[White "Antol, Ladislav"]
[Black "Sosovicka, Matej"]
[Result "1/2-1/2"]
[WhiteElo "2045"]
[BlackElo "2155"]
[PlyCount "39"]
[EventDate "2014.10.11"]
[EventType "team-tourn"]
[EventRounds "11"]
[EventCountry "SVK"]
[SourceTitle "EXT 2016"]
[Source "ChessBase"]
[SourceDate "2015.10.08"]
[SourceVersion "1"]
[SourceVersionDate "2015.10.08"]
[SourceQuality "1"]
[WhiteTeam "Modra II"]
[BlackTeam "Devinska Nova Ves II"]
[WhiteTeamCountry "SVK"]
[BlackTeamCountry "SVK"]

1. e4 c5 2. Nf3 d6 3. d4 cxd4 4. Nxd4 Nf6 5. Nc3 a6 6. Be2 e6 7. 0-0 Be7 8. Kh1 0-0 9. f4 Qc7 10. Qe1 b5 11. a3 Bb7 12. Bf3 Nbd7 13. g4 Rfd8 14. g5 Ne8 15. Rg1 g6 16. Rg3 Bf8 17. Rh3 Bg7 18. Be3 Bf8 19. f5 Ne5 20. Qf2 1/2-1/2

[Event "SVK-chT2A 1314"]
[Site "Slovakia"]
[Date "2013.11.23"]
[Round "3.5"]
[White "Antol, Ladislav"]
[Black "Kahanec, Jan"]
[Result "1/2-1/2"]
[WhiteElo "2039"]
[BlackElo "1693"]
[PlyCount "106"]
[EventDate "2013.10.19"]
[EventType "team-tourn"]
[EventRounds "11"]
[EventCountry "SVK"]
[SourceTitle "EXT 2015"]
[Source "ChessBase"]
[SourceDate "2014.11.20"]
[SourceVersion "1"]
[SourceVersionDate "2014.11.20"]
[SourceQuality "1"]
[WhiteTeam "Modra II"]
[BlackTeam "Dunajska Streda II"]
[WhiteTeamCountry "SVK"]
[BlackTeamCountry "SVK"]

1. e4 e5 2. Nf3 Nc6 3. d4 exd4 4. Nxd4 Nxd4 5. Qxd4 d6 6. Bc4 Be6 7. 0-0 Nf6 8. Bxe6 fxe6 9. e5 dxe5 10. Qxe5 Qd6 11. Qb5+ Qc6 12. Qxc6+ bxc6 13. Be3 Bd6 14. Nd2 Ng4 15. h3 Nxe3 16. fxe3 Bc5 17. Nc4 Rb8 18. Rad1 Be7 19. Rf4 Bf6 20. Re4 Ke7 21. Na5 Rb6 22. Rc4 Rxb2 23. Nxc6+ Kf7 24. Rd7+ Kg6 25. Rxc7 Rf8 26. Rf4 Re8 27. Re4 h6 28. Nd4 e5 29. Rg4+ Kh7 30. Nf5 Rg8 31. Ra4 Ra8 32. Raxa7 Rxa7 33. Rxa7 Rxc2 34. a4 Ra2 35. a5 Kg6 36. g4 h5 37. Ne7+ Bxe7 38. gxh5+ Kf6 39. Ra6+ Kg5 40. Rg6+ Kxh5 41. Rxg7 Bc5 42. Rg3 Kh4 43. Rf3 Re2 44. Kf1 Rxe3 45. Rxe3 Bxe3 46. Ke2 Bd4 47. Kf3 Kg5 48. Ke4 Kf6 49. h4 Ke6 50. h5 Kf6 51. a6 Kg5 52. a7 Bxa7 53. Kxe5 Kxh5 1/2-1/2

[Event "SVK-chT1W 1213"]
[Site "Slovakia"]
[Date "2013.03.23"]
[Round "10.7"]
[White "Dolnak, Michal"]
[Black "Antol, Ladislav"]
[Result "1-0"]
[WhiteElo "2115"]
[BlackElo "2077"]
[PlyCount "71"]
[EventDate "2012.10.20"]
[EventType "team-tourn"]
[EventRounds "11"]
[EventCountry "SVK"]
[SourceTitle "EXT 2015"]
[Source "ChessBase"]
[SourceDate "2014.11.20"]
[SourceVersion "1"]
[SourceVersionDate "2014.11.20"]
[SourceQuality "1"]
[WhiteTeam "Bratislava Slovan III"]
[BlackTeam "Budmerice"]
[WhiteTeamCountry "SVK"]
[BlackTeamCountry "SVK"]

1. d4 Nf6 2. c4 e5 3. dxe5 Ng4 4. Nf3 Bc5 5. e3 Nc6 6. a3 a5 7. b3 Ngxe5 8. Nxe5 Nxe5 9. Bb2 Qe7 10. Nc3 c6 11. Ne4 Nxc4 12. Nxc5 Nxb2 13. Qd4 0-0 14. Ne4 a4 15. Nd2 Qf6 16. Qxf6 gxf6 17. Rb1 axb3 18. Rxb2 Rxa3 19. Rxb3 Ra1+ 20. Rb1 Rxb1+ 21. Nxb1 d5 22. Bd3 b5 23. Nd2 Bd7 24. Nb3 Ra8 25. Kd2 Ra2+ 26. Bc2 b4 27. Kc1 Ra7 28. Kb2 Kf8 29. Rd1 f5 30. Rd4 Rb7 31. Nc5 Rc7 32. Rxb4 Ke7 33. Rb7 Kd6 34. Rxc7 Kxc7 35. Nxd7 Kxd7 36. Bxf5+ 1-0

[Event "SVK-chT1W 1213"]
[Site "Slovakia"]
[Date "2013.01.12"]
[Round "5.8"]
[White "Antol, Ladislav"]
[Black "Puskar, Peter"]
[Result "0-1"]
[WhiteElo "2077"]
[BlackElo "2004"]
[PlyCount "144"]
[EventDate "2012.10.20"]
[EventType "team-tourn"]
[EventRounds "11"]
[EventCountry "SVK"]
[SourceTitle "EXT 2015"]
[Source "ChessBase"]
[SourceDate "2014.11.20"]
[SourceVersion "1"]
[SourceVersionDate "2014.11.20"]
[SourceQuality "1"]
[WhiteTeam "Budmerice"]
[BlackTeam "Trnava Lokomotiva"]
[WhiteTeamCountry "SVK"]
[BlackTeamCountry "SVK"]

1. e4 c5 2. Nf3 d6 3. d4 cxd4 4. Nxd4 Nf6 5. Bb5+ Bd7 6. Nc3 Nc6 7. 0-0 g6 8. h3 Bg7 9. Be3 0-0 10. Qd2 Nxd4 11. Bxd7 Nxc2 12. Qxc2 Qxd7 13. Rfd1 Qc6 14. Rac1 Rfc8 15. Qd3 Qc4 16. Qxc4 Rxc4 17. f3 a6 18. b3 Rc6 19. Nd5 Nxd5 20. exd5 Rc3 21. Bg5 Rxc1 22. Rxc1 Bd4+ 23. Kf1 f6 24. Bd2 Bb6 25. Ke2 Kf7 26. Rc4 Bd8 27. Kd3 Ke8 28. Rh4 h5 29. g4 hxg4 30. Rxg4 Kf7 31. Rh4 Kg7 32. Bh6+ Kg8 33. Rc4 Kf7 34. Bd2 b5 35. Rc6 a5 36. Be3 Rb8 37. Ra6 Ke8 38. Rc6 Kd7 39. f4 Bc7 40. h4 e6 41. Rc2 exd5 42. Rg2 Rh8 43. Rxg6 Rxh4 44. Rxf6 Ke7 45. Rg6 d4 46. Rg7+ Kd8 47. Bd2 Rh2 48. f5 Bb6 49. f6 Ke8 50. Bf4 Rh3+ 51. Ke4 Bc5 52. Kd5 Rh1 53. Bxd6 Bxd6 54. Kxd6 d3 55. Rg2 Kf7 56. Rd2 Rh3 57. Kc6 Kxf6 58. Kxb5 Ke5 59. Kc4 Ke4 60. Rd1 Rh2 61. Re1+ Re2 62. Rd1 Rc2+ 63. Kb5 d2 64. Kxa5 Kd3 65. a4 Rc1 66. Rxd2+ Kxd2 67. b4 Kc3 68. b5 Kc4 69. b6 Kc5 70. Ka6 Kc6 71. Ka7 Ra1 72. Kb8 Kxb6 0-1

[Event "SVK-chT1W 1213"]
[Site "Slovakia"]
[Date "2012.12.09"]
[Round "4.7"]
[White "Antol, Ladislav"]
[Black "Balogh, Peter"]
[Result "0-1"]
[WhiteElo "2077"]
[BlackElo "2013"]
[PlyCount "122"]
[EventDate "2012.10.20"]
[EventType "team-tourn"]
[EventRounds "11"]
[EventCountry "SVK"]
[SourceTitle "EXT 2014"]
[Source "ChessBase"]
[SourceDate "2013.11.20"]
[SourceVersion "1"]
[SourceVersionDate "2013.11.20"]
[SourceQuality "1"]
[WhiteTeam "Budmerice"]
[BlackTeam "Komarno"]
[WhiteTeamCountry "SVK"]
[BlackTeamCountry "SVK"]

1. e4 e5 2. Nf3 Nc6 3. Bb5 f5 4. exf5 e4 5. Ng1 Nf6 6. d3 Nd4 7. Nc3 Bb4 8. Ba4 b5 9. dxe4 c5 10. a3 Bxc3+ 11. bxc3 Qa5 12. Bd2 Qxa4 13. cxd4 Qxd4 14. f3 Bb7 15. Ne2 Qc4 16. 0-0 0-0 17. g4 Nxe4 18. Bf4 Rfe8 19. Qd3 Qxd3 20. cxd3 Nd2 21. Bxd2 Rxe2 22. Rf2 Rae8 23. Rc1 Bxf3 24. Rxf3 Rxd2 25. Rxc5 Re1+ 26. Rf1 Ree2 27. Rf4 Rxd3 28. Rxb5 Rxa3 29. Rd5 Ra1+ 30. Rf1 Raa2 31. Rc1 Rg2+ 32. Kh1 Rxh2+ 33. Kg1 Rhd2 34. Re5 Rg2+ 35. Kf1 Raf2+ 36. Ke1 Rg1+ 37. Kxf2 Rxc1 38. Rd5 Rc7 39. g5 Kf7 40. Ke3 Ke7 41. Kd4 d6 42. Ra5 h6 43. g6 Kf6 44. Ke4 Rc5 45. Rxa7 Re5+ 46. Kd4 Rxf5 47. Rd7 Kxg6 48. Rxd6+ Rf6 49. Rd7 h5 50. Ke5 h4 51. Rd4 Kh5 52. Rd7 Rg6 53. Kf4 h3 54. Rd5+ Kh4 55. Rd2 Rf6+ 56. Ke5 Rf3 57. Ke4 Kg3 58. Rd5 Rf4+ 59. Ke3 h2 60. Rh5 Rh4 61. Rg5+ Kh3 0-1

[Event "SVK-chT1W 0809"]
[Site "Slovakia"]
[Date "2008.10.19"]
[Round "2.3"]
[White "Lasch, Miroslav"]
[Black "Antol, Ladislav"]
[Result "0-1"]
[WhiteElo "2059"]
[BlackElo "2139"]
[PlyCount "130"]
[EventDate "2008.10.18"]
[EventType "team-tourn"]
[EventRounds "11"]
[EventCountry "SVK"]
[SourceTitle "EXT 2010"]
[Source "ChessBase"]
[SourceDate "2010.11.25"]
[SourceVersion "1"]
[SourceVersionDate "2010.11.25"]
[SourceQuality "1"]
[WhiteTeam "Dubnica nad Vahom II"]
[BlackTeam "Budmerice"]
[WhiteTeamCountry "SVK"]
[BlackTeamCountry "SVK"]

1. e4 c5 2. Nf3 d6 3. d4 cxd4 4. Qxd4 Nc6 5. Bb5 Bd7 6. Bxc6 Bxc6 7. Nc3 Nf6 8. Bg5 e5 9. Qd3 Qa5 10. 0-0-0 Nd7 11. Rhe1 Rc8 12. Kb1 Nc5 13. Qe2 Na4 14. Nxa4 Qxa4 15. c3 h6 16. Bc1 Be7 17. b3 Qa5 18. Bb2 0-0 19. Nd2 Qc7 20. f3 Bd7 21. g4 Be6 22. Nf1 Bg5 23. Rd3 a5 24. c4 a4 25. Red1 axb3 26. axb3 b5 27. cxb5 Rb8 28. Rc3 Qb6 29. Rc6 Qxb5 30. Qxb5 Rxb5 31. Rdxd6 Rxb3 32. Rc3 Rfb8 33. Rxb3 Rxb3 34. Nd2 Bxd2 35. Rxd2 Rxf3 36. Bxe5 Re3 37. Bb2 Rxe4 38. h3 Re3 39. Rh2 Bb3 40. Kc1 Bc4 41. Kd2 Rf3 42. Bc1 Rg3 43. Ke1 Rg1+ 44. Kd2 Bf1 45. Ke3 Bxh3 46. Rxh3 Rxc1 47. Rh5 Rf1 48. Ke4 f6 49. Ke3 Kh7 50. Rb5 g5 51. Rb7+ Kg6 52. Rb2 Rf4 53. Rg2 f5 54. gxf5+ Rxf5 55. Rb2 h5 56. Rb6+ Rf6 57. Rb8 h4 58. Rg8+ Kh5 59. Rh8+ Kg4 60. Rb8 h3 61. Rb2 Kg3 62. Rb4 g4 63. Ke2 h2 64. Rb5 Kg2 65. Rh5 h1Q 0-1

[Event "SVK-chT1W 0809"]
[Site "Slovakia"]
[Date "2008.10.18"]
[Round "1.3"]
[White "Antol, Ladislav"]
[Black "Cajka, Tibor"]
[Result "1-0"]
[WhiteElo "2059"]
[BlackElo "1907"]
[PlyCount "69"]
[EventDate "2008.10.18"]
[EventType "team-tourn"]
[EventRounds "11"]
[EventCountry "SVK"]
[SourceTitle "EXT 2010"]
[Source "ChessBase"]
[SourceDate "2010.11.25"]
[SourceVersion "1"]
[SourceVersionDate "2010.11.25"]
[SourceQuality "1"]
[WhiteTeam "Budmerice"]
[BlackTeam "Senica SK"]
[WhiteTeamCountry "SVK"]
[BlackTeamCountry "SVK"]

1. e4 c5 2. Nf3 e6 3. d4 cxd4 4. Nxd4 a6 5. c4 Nc6 6. Be3 Bb4+ 7. Nc3 Nf6 8. Nxc6 bxc6 9. e5 Ne4 10. Qd4 Qa5 11. Rc1 Nxc3 12. bxc3 Be7 13. Bd3 f6 14. Qg4 Kf8 15. exf6 Bxf6 16. 0-0 d6 17. Qf3 Qc7 18. Rfe1 Bd7 19. c5 Kf7 20. Qh5+ g6 21. Qf3 Kg7 22. Qf4 e5 23. Qh6+ Kg8 24. cxd6 Qxd6 25. Bc4+ Be6 26. Bc5 Qd7 27. Rcd1 Qf7 28. Bxe6 Qxe6 29. Rd6 Qf7 30. Red1 Re8 31. Rd7 Be7 32. Bxe7 Rxe7 33. Rd8+ Re8 34. R1d7 Rxd8 35. Rxd8+ 1-0

[Event "SVK-chT1W 0607"]
[Site "Slovakia"]
[Date "2007.01.14"]
[Round "7.2"]
[White "Osztruzslik, Mark"]
[Black "Antol, Ladislav"]
[Result "1-0"]
[WhiteElo "1859"]
[BlackElo "2051"]
[PlyCount "83"]
[EventDate "2006.10.07"]
[EventType "team-tourn"]
[EventRounds "11"]
[EventCountry "SVK"]
[SourceTitle "EXT 2008"]
[Source "ChessBase"]
[SourceDate "2007.11.25"]
[SourceVersion "1"]
[SourceVersionDate "2007.11.25"]
[SourceQuality "1"]
[WhiteTeam "Komarno Hoffer II"]
[BlackTeam "Budmerice"]
[WhiteTeamCountry "SVK"]
[BlackTeamCountry "SVK"]

1. e4 c5 2. c4 d6 3. Nc3 Nc6 4. d3 g6 5. Nf3 Bg7 6. Be3 Bg4 7. Be2 Bxf3 8. Bxf3 e6 9. 0-0 Nd4 10. Qa4+ Qd7 11. Qxd7+ Kxd7 12. Bd1 Ne7 13. f4 Nec6 14. a3 f5 15. Rb1 a5 16. Na4 Rab8 17. g3 b5 18. cxb5 Nxb5 19. Bf3 Ncd4 20. Bg2 Nb3 21. e5 N5d4 22. Bxd4 Nxd4 23. Rfe1 Rb3 24. Rbc1 Rc8 25. Rc3 Rxc3 26. bxc3 Nc2 27. Rc1 Rb8 28. Rxc2 dxe5 29. Nxc5+ Kd6 30. Nb7+ Ke7 31. Nxa5 Rb1+ 32. Kf2 exf4 33. gxf4 Bh6 34. Kg3 Rg1 35. Nc6+ Kd6 36. Ne5 Bg7 37. d4 g5 38. Nf7+ Ke7 39. Nxg5 Ra1 40. Re2 Rxa3 41. Rxe6+ Kd8 42. Rc6 1-0

[Event "SVK-chT1W 0607"]
[Site "Slovakia"]
[Date "2006.12.02"]
[Round "5.2"]
[White "Antol, Ladislav"]
[Black "Nicolini, Alexander"]
[Result "1/2-1/2"]
[WhiteElo "2051"]
[BlackElo "2146"]
[PlyCount "44"]
[EventDate "2006.10.07"]
[EventType "team-tourn"]
[EventRounds "11"]
[EventCountry "SVK"]
[SourceTitle "EXT 2008"]
[Source "ChessBase"]
[SourceDate "2007.11.25"]
[SourceVersion "1"]
[SourceVersionDate "2007.11.25"]
[SourceQuality "1"]
[WhiteTeam "Budmerice"]
[BlackTeam "Trnava Lokomotiva"]
[WhiteTeamCountry "SVK"]
[BlackTeamCountry "SVK"]

1. e4 e5 2. Nf3 Nc6 3. d4 exd4 4. Nxd4 Bc5 5. Be3 Qf6 6. c3 Nge7 7. Bc4 0-0 8. 0-0 Qg6 9. Re1 Ne5 10. Be2 d5 11. Bh5 Qf6 12. Nb5 Bxe3 13. Rxe3 Nc4 14. Re2 c6 15. N5a3 Ne5 16. exd5 Qg5 17. Re3 Nxd5 18. Rg3 Qh6 19. Nd2 Bf5 20. Nac4 Nxc4 21. Nxc4 Rad8 22. Ne5 Bg6 1/2-1/2

[Event "SVK-chT2A 0506"]
[Site "Slovakia"]
[Date "2006.01.15"]
[Round "7.7"]
[White "Kebis, Milos"]
[Black "Antol, Ladislav"]
[Result "1-0"]
[WhiteElo "2038"]
[BlackElo "2046"]
[PlyCount "57"]
[EventDate "2005.10.22"]
[EventType "team-tourn"]
[EventRounds "11"]
[EventCountry "SVK"]
[SourceTitle "EXT 2009"]
[Source "ChessBase"]
[SourceDate "2008.11.26"]
[SourceVersion "1"]
[SourceVersionDate "2008.11.26"]
[SourceQuality "1"]

1. c4 Nf6 2. Nf3 c5 3. Nc3 Nc6 4. d4 d5 5. cxd5 Nxd5 6. e4 Nxc3 7. bxc3 cxd4 8. cxd4 e6 9. a3 Be7 10. Be2 Bf6 11. e5 Be7 12. 0-0 0-0 13. Qd3 b5 14. Qe4 Bb7 15. Qg4 f5 16. exf6 Bxf6 17. Be3 Qd5 18. Rac1 Be7 19. Bd3 h5 20. Qg6 Rf6 21. Qh7+ Kf7 22. Be4 Qd6 23. Bxc6 Bxc6 24. Rxc6 Qd5 25. Ne5+ Ke8 26. Qxg7 Rf5 27. Qg8+ Rf8 28. Qg6+ Kd8 29. Rxe6 1-0

[Event "SVK-ch"]
[Site "Trencianske Teplice"]
[Date "2005.??.??"]
[Round "3"]
[White "Certek, Pavel"]
[Black "Antol, Ladislav"]
[Result "0-1"]
[WhiteElo "2247"]
[BlackElo "2051"]
[PlyCount "42"]
[EventDate "2005.07.03"]
[EventType "swiss"]
[EventRounds "9"]
[EventCountry "SVK"]
[SourceTitle "EXT 2007"]
[Source "ChessBase"]
[SourceDate "2006.11.23"]
[SourceVersion "1"]
[SourceVersionDate "2006.11.23"]
[SourceQuality "1"]

1. d4 Nf6 2. Nf3 g6 3. g3 Bg7 4. Bg2 0-0 5. 0-0 d5 6. c4 dxc4 7. Na3 c3 8. bxc3 c5 9. Nc4 Nc6 10. Nfe5 Be6 11. Nxc6 bxc6 12. Ne5 Bd5 13. Nxc6 Qd6 14. Ne5 Bxg2 15. Kxg2 Nd5 16. Bd2 Bxe5 17. dxe5 Qxe5 18. Qc2 Qxe2 19. Rae1 Ne3+ 20. Kg1 Qxf1+ 21. Rxf1 Nxc2 0-1

[Event "SVK-chT1W 0203"]
[Site "Slovakia"]
[Date "2002.12.01"]
[Round "6.7"]
[White "Antol, Ladislav"]
[Black "Galan, Anton"]
[Result "0-1"]
[WhiteElo "2039"]
[BlackElo "1966"]
[PlyCount "125"]
[EventDate "2002.10.12"]
[EventType "team-tourn"]
[EventRounds "11"]
[EventCountry "SVK"]
[SourceTitle "EXT 2005"]
[Source "ChessBase"]
[SourceDate "2004.11.15"]
[SourceVersion "1"]
[SourceVersionDate "2004.11.15"]
[SourceQuality "1"]
[WhiteTeam "Bratislava Doprastav"]
[BlackTeam "Bratislava Slovan"]
[WhiteTeamCountry "SVK"]
[BlackTeamCountry "SVK"]

1. e4 Nf6 2. e5 Nd5 3. d4 d6 4. Nf3 Nc6 5. c4 Nb6 6. exd6 cxd6 7. b3 g6 8. Bb2 Bg7 9. Na3 Bg4 10. Nc2 0-0 11. Be2 Qc7 12. 0-0 Rad8 13. Ng5 Bf5 14. Ne3 Bc8 15. Qd2 e5 16. d5 Ne7 17. f4 h6 18. Ne4 f5 19. Nc3 Nd7 20. Kh1 exf4 21. Rxf4 g5 22. Rf2 f4 23. Nc2 Ne5 24. Nd4 Nf5 25. Nxf5 Bxf5 26. Nb5 Qb8 27. Nd4 Ng4 28. Bxg4 Bxg4 29. Ne6 Bxb2 30. Qxb2 Bxe6 31. dxe6 Qc7 32. Qd4 b6 33. h4 Qe7 34. Qd5 g4 35. Qh5 Qxe6 36. Raf1 g3 37. Rf3 Rf6 38. Qd5 Qxd5 39. cxd5 Rdf8 40. Rc3 R8f7 41. Rc6 Re7 42. Rfc1 Kg7 43. Rc7 Rff7 44. R7c6 Rf6 45. Rc7 Rff7 46. R7c6 Re2 47. Rxd6 Rfe7 48. Re6 R7xe6 49. dxe6 Kf6 50. Kg1 Kxe6 51. Kf1 Rf2+ 52. Kg1 Rxa2 53. Rb1 Kf5 54. b4 a5 55. bxa5 bxa5 56. Kf1 Rf2+ 57. Kg1 a4 58. Ra1 Re2 59. Kf1 Re4 60. Rb1 a3 61. Rb5+ Re5 62. Rb6 Ra5 63. Rxh6 0-1

[Event "SVK-chT2W 0102"]
[Site "Slovakia"]
[Date "2001.11.17"]
[Round "3.4"]
[White "Kramarik, Peter"]
[Black "Antol, Ladislav"]
[Result "1/2-1/2"]
[WhiteElo "2062"]
[BlackElo "2045"]
[PlyCount "46"]
[EventDate "2001.10.??"]
[EventType "team"]
[EventRounds "11"]
[EventCountry "SVK"]
[SourceTitle "EXT 2006"]
[Source "ChessBase"]
[SourceDate "2005.11.24"]
[SourceVersion "1"]
[SourceVersionDate "2005.11.24"]
[SourceQuality "1"]

1. c4 Nf6 2. Nf3 d5 3. d4 e6 4. Bg5 Be7 5. e3 Ne4 6. Bxe7 Qxe7 7. a3 0-0 8. Bd3 Nd7 9. Qc2 Ndf6 10. 0-0 c6 11. Rd1 h6 12. Ne5 Nd6 13. Nd2 dxc4 14. Ndxc4 Nd5 15. Rac1 Nxc4 16. Qxc4 Rd8 17. Bb1 Bd7 18. Qd3 f5 19. f4 g5 20. g3 gxf4 21. exf4 Rac8 22. Qe2 Be8 23. Ba2 h5 1/2-1/2

[Event "SVK-chT2W 0102"]
[Site "Slovakia"]
[Date "2001.10.20"]
[Round "1.3"]
[White "Gasa, Andrej"]
[Black "Antol, Ladislav"]
[Result "1-0"]
[WhiteElo "2177"]
[BlackElo "2045"]
[PlyCount "69"]
[EventDate "2001.10.??"]
[EventType "team"]
[EventRounds "11"]
[EventCountry "SVK"]
[SourceTitle "EXT 2006"]
[Source "ChessBase"]
[SourceDate "2005.11.24"]
[SourceVersion "1"]
[SourceVersionDate "2005.11.24"]
[SourceQuality "1"]

1. e4 c5 2. Nf3 d6 3. d4 cxd4 4. Nxd4 Nf6 5. Nc3 a6 6. Bg5 e6 7. f4 Qc7 8. Qf3 b5 9. 0-0-0 Bb7 10. Bxf6 gxf6 11. Qh5 b4 12. Nxe6 Qc8 13. Nd5 Bxd5 14. Qxd5 fxe6 15. Qxa8 Bh6 16. g3 0-0 17. Kb1 Qc5 18. Bh3 e5 19. Qd5+ Qxd5 20. Rxd5 Rd8 21. fxe5 fxe5 22. Rhd1 Bf8 23. Rxe5 Nc6 24. Red5 Rb8 25. Bf5 Kh8 26. h4 a5 27. g4 a4 28. g5 a3 29. h5 Ne5 30. Rxe5 dxe5 31. Rd7 Rb6 32. Rxh7+ Kg8 33. Rd7 Rd6 34. Rxd6 Bxd6 35. bxa3 1-0

[Event "SVK-chT3B 0102"]
[Site "Slovakia"]
[Date "2001.??.??"]
[Round "3"]
[White "Antol, Ladislav"]
[Black "Janko, Michal"]
[Result "1/2-1/2"]
[WhiteElo "2045"]
[BlackElo "1900"]
[PlyCount "80"]
[EventDate "2001.10.??"]
[EventType "team"]
[EventRounds "9"]
[EventCountry "SVK"]
[SourceTitle "EXT 2006"]
[Source "ChessBase"]
[SourceDate "2005.11.24"]
[SourceVersion "1"]
[SourceVersionDate "2005.11.24"]
[SourceQuality "1"]

1. e4 c5 2. Nf3 Nc6 3. d4 cxd4 4. Nxd4 Nf6 5. Nc3 e5 6. Ndb5 d6 7. Bg5 a6 8. Bxf6 gxf6 9. Na3 b5 10. Nd5 f5 11. exf5 Bxf5 12. Bd3 e4 13. Qe2 Nd4 14. Qe3 Bg7 15. Bxe4 0-0 16. 0-0-0 Bxe4 17. Qxe4 Re8 18. Qd3 Qa5 19. c3 Rac8 20. Kb1 Nc6 21. f4 b4 22. Nc4 Qc5 23. Ncb6 bxc3 24. Nxc8 Rxc8 25. Nxc3 Nb4 26. Qe4 Bxc3 27. bxc3 Rb8 28. cxb4 Rxb4+ 29. Qxb4 Qxb4+ 30. Kc1 Qxf4+ 31. Rd2 Qc4+ 32. Kd1 Qg4+ 33. Kc1 Qc4+ 34. Kb1 Qe4+ 35. Rc2 Qb4+ 36. Ka1 Qd4+ 37. Rb2 a5 38. Re1 a4 39. Kb1 Qd3+ 40. Rc2 a3 1/2-1/2

[Event "SVK-chT 9900"]
[Site "Slovakia"]
[Date "2000.??.??"]
[Round "8"]
[White "Antol, Ladislav"]
[Black "Lednicky, Martin"]
[Result "0-1"]
[WhiteElo "2064"]
[BlackElo "2032"]
[PlyCount "150"]
[EventDate "1999.??.??"]
[EventType "team"]
[EventRounds "11"]
[EventCountry "SVK"]
[SourceTitle "EXT 2001"]
[Source "ChessBase"]
[SourceDate "2000.11.22"]
[SourceVersion "1"]
[SourceVersionDate "2000.11.22"]
[SourceQuality "1"]

1. e4 e6 2. d4 d5 3. Nd2 Nf6 4. e5 Nfd7 5. Bd3 c5 6. c3 Nc6 7. Ne2 cxd4 8. cxd4 f6 9. exf6 Nxf6 10. 0-0 Bd6 11. Nf3 Qc7 12. Re1 0-0 13. Bg5 Bd7 14. Rc1 Rae8 15. Bb1 Qb8 16. Nc3 Bf4 17. Bxf4 Qxf4 18. Ne2 Qd6 19. Nc3 Ng4 20. Bxh7+ Kxh7 21. Ng5+ Kg6 22. Qxg4 Qf4 23. Qxf4 Rxf4 24. Nf3 Rxf3 25. gxf3 Nxd4 26. Re3 Rf8 27. Kg2 Nf5 28. Rd3 Nh4+ 29. Kg3 Kh5 30. f4 Rf6 31. f3 Rg6+ 32. Kf2 Rg2+ 33. Ke1 Rxh2 34. Nxd5 exd5 35. Rxd5+ Bf5 36. Rcc5 g6 37. Rd8 Nxf3+ 38. Kd1 Kg4 39. Rg8 Rh1+ 40. Ke2 Kg3 41. Rxf5 Nd4+ 42. Kd3 Nxf5 43. Rxg6+ Kxf4 44. Re6 Rd1+ 45. Kc3 Rd7 46. Re8 Nd6 47. Ra8 Ke4 48. a4 Rc7+ 49. Kb3 Nc8 50. a5 Kd5 51. Kb4 a6 52. b3 Kd4 53. Rb8 Ke5 54. Ka4 Kd5 55. Ka3 Kc5 56. Ka4 Kd4 57. Kb4 Ne7 58. Rd8+ Nd5+ 59. Ka4 Kc5 60. Ka3 Re7 61. Ka4 Nc3+ 62. Ka3 Nb5+ 63. Kb2 Kb4 64. Rd5 Kxa5 65. Kc1 Kb4 66. Rd3 Rc7+ 67. Kb1 Rc3 68. Rd2 Rxb3+ 69. Ka1 Rg3 70. Rb2+ Kc3 71. Ka2 Rd3 72. Ka1 Rd2 73. Rb1 Nd4 74. Rc1+ Rc2 75. Rh1 Nb3+ 0-1

[Event "SVK-chT2A 9899"]
[Site "Slovakia"]
[Date "1998.12.06"]
[Round "6"]
[White "Antol, Ladislav"]
[Black "Kleman, Miroslav"]
[Result "1/2-1/2"]
[WhiteElo "1939"]
[BlackElo "2060"]
[PlyCount "63"]
[EventDate "1998.??.??"]
[EventType "team"]
[EventRounds "9"]
[EventCountry "SVK"]
[SourceTitle "EXT 2000"]
[Source "ChessBase"]
[SourceDate "1999.11.16"]
[SourceVersion "1"]
[SourceVersionDate "1999.11.16"]
[SourceQuality "1"]

1. e4 e5 2. Nf3 Nc6 3. d4 exd4 4. Nxd4 Bc5 5. Be3 Qf6 6. c3 Nge7 7. Qd2 0-0 8. Nb5 Bxe3 9. Qxe3 a6 10. Nxc7 Rb8 11. Qg3 Ne5 12. Nd2 Qd6 13. Nc4 Qxc7 14. Qxe5 Qxe5 15. Nxe5 d5 16. exd5 Nxd5 17. 0-0-0 Be6 18. Bc4 Rfd8 19. Rd4 f6 20. Ng4 Nc7 21. Rhd1 Rxd4 22. Rxd4 Bxc4 23. Rxc4 Ne6 24. Ne3 Kf7 25. f4 b5 26. Rc6 Nxf4 27. Rxa6 Re8 28. Kd2 Rd8+ 29. Kc2 Re8 30. Kd2 Rd8+ 31. Kc2 Re8 32. Kd2 1/2-1/2

[Event "SVK-chT2A 9899"]
[Site "Slovakia"]
[Date "1998.10.17"]
[Round "1"]
[White "Antol, Ladislav"]
[Black "Mosny, Jaroslav"]
[Result "0-1"]
[WhiteElo "1939"]
[BlackElo "2170"]
[PlyCount "54"]
[EventDate "1998.??.??"]
[EventType "team"]
[EventRounds "9"]
[EventCountry "SVK"]
[SourceTitle "EXT 2000"]
[Source "ChessBase"]
[SourceDate "1999.11.16"]
[SourceVersion "1"]
[SourceVersionDate "1999.11.16"]
[SourceQuality "1"]

1. e4 c5 2. Nf3 Nc6 3. d4 cxd4 4. Nxd4 Nf6 5. Nc3 e5 6. Ndb5 d6 7. Bg5 a6 8. Na3 b5 9. Nd5 Be7 10. Nxe7 Nxe7 11. c4 Nxe4 12. Qf3 Nxg5 13. Qxa8 Qa5+ 14. Kd1 0-0 15. f3 Qb4 16. Qa7 Qxb2 17. Rb1 Qxa3 18. Qxe7 Bf5 19. Rc1 Qe3 20. Be2 Ne6 21. h4 Nf4 22. Bf1 Bd3 23. Rc3 Qd4 24. Bxd3 Nxd3 25. Kc2 bxc4 26. Qc7 Nb4+ 27. Kb2 Qd2+ 0-1